| 000 | 003770000a22001690004500 | ||
|---|---|---|---|
| 041 | 0 | _aSPA | |
| 082 | 0 | 4 | _aG 262.52 P328d |
| 245 | 1 | 0 | _aConcilio vaticano II |
| 250 | _a2 | ||
| 260 | _a[S.L] : Paulinas | ||
| 300 | _a565 Pag | ||
| 001 | 9826 | ||
| 942 | _cBK | ||
| 999 |
_c39674 _d39674 |
||
| 336 |
_atexto _btxt _2rdacontent |
||
| 337 |
_2rdamedia _asin mediación _bn |
||
| 338 |
_2rdacarrier _avolumen _bnc |
||